00826ncm a22002055a 4500001001100000005001700011008004100028080001600069100005500085245008300140254002300223260004500246300008000291490004900371500001900420500011600439500002600555650002800581852001100609C00011469c20241029143126.0950810s1891 ddrmtb n 1 ger d a785.1.083.31 aRimsky-Korsakov, Nikolay Andreyevich (d1844-1908)10aCapriccio espagnol für grosses Orchester, op. 34 / cvon N. Rimsky Korsakow. a[Kleine Partitur]. aLeipzig : bErnst Eulenburg, c[d. 1891] aPartitura (93 p.) ; c19 cm + eFolleto catálogo de librería editorial.0 aEulenburg´s kleine Partitur Ausgabe ; v842 aN. pl. : 3220. aFecha de publicación tomada de "The new Grove dictionary of music and musicians", vol. 6, Stanley Sadie 1980. aLegado Pérez Casas.14aMúsica para Orquesta.4 jM-2382